Memoria 1990-1994
| Korporativna značnica: | |
|---|---|
| Format: | Knjiga |
| Jezik: | španščina |
| Izdano: |
San José, Costa Rica :
CONESUP,
1994
|
| Teme: |
MARC
| LEADER | 00000nam a2200000Ia 4500 | ||
|---|---|---|---|
| 008 | 180226b1994 CR ||||| |||| 00| | spa d | ||
| 999 | |c 1559 |d 1559 | ||
| 090 | |a 06.02.01 |b 505 | ||
| 110 | 2 | |a Consejo Superior de Educación |9 3408 | |
| 245 | 1 | 0 | |a Memoria 1990-1994 |
| 260 | |a San José, Costa Rica : |b CONESUP, |c 1994 | ||
| 300 | |a 23 páginas | ||
| 650 | 1 | 4 | |a EDUCACIÓN |9 1 |
| 650 | 1 | 4 | |a EDUCACIÓN PRIMARIA |9 367 |
| 650 | 1 | 4 | |a EDUCACIÓN SECUNDARIA |9 456 |
| 650 | 1 | 4 | |a EDUCACIÓN DE ADULTOS |9 809 |
| 650 | 1 | 4 | |a EDUCACIÓN PREESCOLAR |9 455 |
| 942 | |i 00878 |h 06.02.01 505 |2 z |c 01 | ||
